Trabajo en equipo : (Registro nro. 18194)
[ vista simple ]
| 000 -CABECERA | |
|---|---|
| campo de control de longitud fija | 01037cam a2200313Ia 4500 |
| 001 - NÚMERO DE CONTROL | |
| campo de control | tec011941807 |
| 003 - IDENTIFICADOR DEL NÚMERO DE CONTROL | |
| campo de control | MX-MoT |
| 008 - DATOS DE LONGITUD FIJA--INFORMACIÓN GENERAL | |
| campo de control de longitud fija | 081110s2006 sp b 000 0 spa d |
| 020 ## - NÚMERO INTERNACIONAL ESTÁNDAR DEL LIBRO | |
| Número Internacional Estándar del Libro | 842342393X |
| 020 ## - NÚMERO INTERNACIONAL ESTÁNDAR DEL LIBRO | |
| Número Internacional Estándar del Libro | 8423423883 |
| 040 ## - FUENTE DE LA CATALOGACIÓN | |
| Centro catalogador/agencia de origen | I8M |
| Lengua de catalogación | spa |
| Centro/agencia transcriptor | I8M |
| 050 #4 - SIGNATURA TOPOGRÁFICA DE LA BIBLIOTECA DEL CONGRESO | |
| Número de clasificación | HD66 |
| Número de documento/Ítem | .B5318 2006 |
| 082 ## - NÚMERO DE LA CLASIFICACIÓN DECIMAL DEWEY | |
| Número de clasificación | 658.312 8 B639t 2006 |
| 100 1# - ENTRADA PRINCIPAL--NOMBRE DE PERSONA | |
| Nombre de persona | Blanchard, Kenneth H. |
| 9 (RLIN) | 9158 |
| 245 10 - MENCIÓN DE TÍTULO | |
| Título | Trabajo en equipo : |
| Resto del título | go team! : tres pasos para conseguir grandes resultados / |
| Mención de responsabilidad, etc. | Ken Blanchard, Alan Randolph, Peter Grazier ; traducción, Marcè Molist. |
| 260 ## - PUBLICACIÓN, DISTRIBUCIÓN, ETC. (PIE DE IMPRENTA) | |
| Nombre del editor, distribuidor, etc. | Barcelona : |
| 260 ## - PUBLICACIÓN, DISTRIBUCIÓN, ETC. (PIE DE IMPRENTA) | |
| Lugar de publicación. | Deusto, |
| Fecha de publicación, distribución, etc. | c2006. |
| 300 ## - DESCRIPCIÓN FÍSICA | |
| Extensión | 170 p. ; |
| Dimensiones | 24 cm. |
| 490 0# - MENCIÓN DE SERIE | |
| Mención de serie | Líderes del management. Recursos humanos. |
| 504 ## - NOTA DE BIBLIOGRAFÍA, ETC. | |
| Bibliografía, etc. | Incluye referencias bibliográficas |
| 650 #0 - PUNTO DE ACCESO ADICIONAL DE MATERIA--TÉRMINO DE MATERIA | |
| Término de materia o nombre geográfico como elemento inicial | Teams in the workplace. |
| 9 (RLIN) | 32959 |
| 650 #4 - PUNTO DE ACCESO ADICIONAL DE MATERIA--TÉRMINO DE MATERIA | |
| Término de materia o nombre geográfico como elemento inicial | Equipos en el lugar de trabajo. |
| 9 (RLIN) | 32960 |
| 700 1# - PUNTO DE ACCESO ADICIONAL--NOMBRE DE PERSONA | |
| Nombre de persona | Randolph, W. Alan. |
| 9 (RLIN) | 32961 |
| 700 1# - PUNTO DE ACCESO ADICIONAL--NOMBRE DE PERSONA | |
| Nombre de persona | Grazier, Peter, |
| Fechas asociadas al nombre | 1946- |
| 9 (RLIN) | 32962 |
| 700 1# - PUNTO DE ACCESO ADICIONAL--NOMBRE DE PERSONA | |
| Nombre de persona | Molist, Marcè, |
| Término indicativo de función/relación | tr. |
| 9 (RLIN) | 32963 |
| 907 ## - ELEMENTOS DE DATOS G LOCAL, LDG (RLIN) | |
| b | 11941807 |
| 942 ## - ELEMENTOS DE PUNTO DE ACCESO ADICIONAL (KOHA) | |
| Fuente del sistema de clasificación o colocación | |
| Tipo de ítem Koha | Libro |
| 980 ## - EQUIVALENCIA O REFERENCIA-CRUZADA-MENCIÓN DE SERIE--NOMBRE DE PERSONA/TÍTULO [LOCAL, CANADÁ] | |
| Nombre de persona | OCLC |
| Estado de retiro | Estado de pérdida | Fuente del sistema de clasificación o colocación | Estado dañado | No para préstamo | Código de colección | Localización permanente | Ubicación/localización actual | Fecha de adquisición | Fuente de adquisición | Total de préstamos | Signatura topográfica completa | Código de barras | Fecha visto por última vez | Precio válido a partir de | Tipo de ítem Koha |
|---|---|---|---|---|---|---|---|---|---|---|---|---|---|---|---|
| Reference | Biblioteca Central | Biblioteca Central | 12/11/2024 | donación | 658.312 8 B639t 2006 c.1 | 00025204 | 12/11/2024 | 12/11/2024 | Libro |